<?xml version="1.0" encoding="UTF-8"?><?xml-stylesheet type="text/xsl" href="static/style.xsl"?><OAI-PMH xmlns="http://www.openarchives.org/OAI/2.0/" xmlns:xsi="http://www.w3.org/2001/XMLSchema-instance" xsi:schemaLocation="http://www.openarchives.org/OAI/2.0/ http://www.openarchives.org/OAI/2.0/OAI-PMH.xsd"><responseDate>2026-04-14T03:32:51Z</responseDate><request verb="GetRecord" identifier="oai:www.recercat.cat:20.500.12327/4738" metadataPrefix="marc">https://recercat.cat/oai/request</request><GetRecord><record><header><identifier>oai:recercat.cat:20.500.12327/4738</identifier><datestamp>2025-10-22T11:14:20Z</datestamp><setSpec>com_2072_4428</setSpec><setSpec>com_2072_4427</setSpec><setSpec>col_2072_487898</setSpec></header><metadata><record xmlns="http://www.loc.gov/MARC21/slim" xmlns:dcterms="http://purl.org/dc/terms/" xmlns:xsi="http://www.w3.org/2001/XMLSchema-instance" xmlns:doc="http://www.lyncode.com/xoai" xsi:schemaLocation="http://www.loc.gov/MARC21/slim http://www.loc.gov/standards/marcxml/schema/MARC21slim.xsd">
   <leader>00925njm 22002777a 4500</leader>
   <datafield ind2=" " ind1=" " tag="042">
      <subfield code="a">dc</subfield>
   </datafield>
   <datafield ind2=" " ind1=" " tag="720">
      <subfield code="a">Chóez-Guaranda, Ivan</subfield>
      <subfield code="e">author</subfield>
   </datafield>
   <datafield ind2=" " ind1=" " tag="720">
      <subfield code="a">Mosi-Roa, Yohanna</subfield>
      <subfield code="e">author</subfield>
   </datafield>
   <datafield ind2=" " ind1=" " tag="720">
      <subfield code="a">Chacón-Fuentes, Manuel</subfield>
      <subfield code="e">author</subfield>
   </datafield>
   <datafield ind2=" " ind1=" " tag="720">
      <subfield code="a">Garrido-Miranda, Karla</subfield>
      <subfield code="e">author</subfield>
   </datafield>
   <datafield ind2=" " ind1=" " tag="720">
      <subfield code="a">Opazo-Navarrete, Mauricio</subfield>
      <subfield code="e">author</subfield>
   </datafield>
   <datafield ind2=" " ind1=" " tag="720">
      <subfield code="a">Coronel, Jonathan</subfield>
      <subfield code="e">author</subfield>
   </datafield>
   <datafield ind2=" " ind1=" " tag="720">
      <subfield code="a">Burgos-Díaz, César</subfield>
      <subfield code="e">author</subfield>
   </datafield>
   <datafield ind2=" " ind1=" " tag="260">
      <subfield code="c">2025-05-25</subfield>
   </datafield>
   <datafield ind2=" " ind1=" " tag="520">
      <subfield code="a">Pickering emulsions with antioxidant properties are of great interest in developing encapsulation systems for&#xd;
compounds that are highly susceptible to oxidation. In this study, the fabrication of antioxidant O/W Pickering&#xd;
emulsions using cocoa bean shell (CBS) particles with dual functionality, as both Pickering emulsifiers and&#xd;
interfacial reservoirs of polyphenols, for the encapsulation of flaxseed oil was demonstrated. The antioxidant-rich&#xd;
CBS was pretreated to obtain Pickering stabilizers, which were characterized in terms of chemical composition&#xd;
and antioxidant activity using gravimetry, liquid chromatography, and spectrophotometry. O/W Pickering&#xd;
emulsions were then prepared by microfluidization using various concentrations of CBS particles (0.5–5 % w/w)&#xd;
and characterized in terms of droplet size, microstructure, and physical and oxidative stability. The results&#xd;
showed that CBS particles contain valuable macronutrients, including proteins (18.21 %) and fibers (57.75 %), as&#xd;
well as flavonoids, phenolic acids, and methylxanthines, which exhibit remarkable antioxidant activity. The&#xd;
obtained Pickering emulsions exhibited high resistance to creaming and a reduction in droplet size as CBS&#xd;
particle concentration increased, which was consistent with the TURBISCAN Stability Index (TSI) data. Moreover,&#xd;
emulsions stabilized with ≥4.0 % (w/w) CBS particles showed high stability against creaming over 42 days&#xd;
of storage at room temperature. Furthermore, oxidative stability exhibited similar trends, as indicated by&#xd;
OXITEST values and the measurements of primary (Peroxide values) and secondary (TBARS) oxidation products&#xd;
over time. These findings could contribute to the development of flaxseed oil Pickering emulsions with enhanced&#xd;
oxidative stability and health-promoting properties for food applications.</subfield>
   </datafield>
   <datafield ind1="8" ind2=" " tag="024">
      <subfield code="a">Chóez-Guaranda, Ivan, Yohanna Mosi-Roa, Manual Chacón-Fuentes, Karla Garrido-Miranda, Mauricio Opazo-Navarrete, Jonathan Coronel-León, and César Burgos-Díaz. 2025. “Enhancing the oxidative stability of flaxseed oil using food-grade O/W Pickering emulsions stabilized by antioxidant-rich cocoa byproduct particles”. Applied Food Research, 5(1): 101027. doi:10.1016/j.afres.2025.101027.</subfield>
   </datafield>
   <datafield ind1="8" ind2=" " tag="024">
      <subfield code="a">2772-5022</subfield>
   </datafield>
   <datafield ind1="8" ind2=" " tag="024">
      <subfield code="a">http://hdl.handle.net/20.500.12327/4738</subfield>
   </datafield>
   <datafield ind1="8" ind2=" " tag="024">
      <subfield code="a">https://doi.org/10.1016/j.afres.2025.101027</subfield>
   </datafield>
   <datafield ind2="0" ind1="0" tag="245">
      <subfield code="a">Enhancing the oxidative stability of flaxseed oil using food-grade O/W Pickering emulsions stabilized by antioxidant-rich cocoa byproduct particles</subfield>
   </datafield>
</record></metadata></record></GetRecord></OAI-PMH>